|
|
|
|
| LEADER |
00000naa2a2200000 4500 |
| 001 |
130976 |
| 005 |
20240111134249.0 |
| 035 |
|
|
|a (RuTPU)RU\TPU\book\141858
|
| 090 |
|
|
|a 130976
|
| 100 |
|
|
|a 20080211d2007 k y0rusy50 ca
|
| 101 |
0 |
|
|a rus
|
| 102 |
|
|
|a RU
|
| 200 |
1 |
|
|a Кинетика жидкофазного фторирования диоксида урана растворами BrF3-HF, CIF3-HF
|f И. И. Жерин, А. И. Савицкий, В. Ф. Усов
|
| 320 |
|
|
|a Библиогр.: 3 назв.
|
| 463 |
|
0 |
|0 (RuTPU)RU\TPU\book\93764
|y 5-98298-125-7
|t Физико-технические проблемы атомной энергетики и промышленности
|o сборник тезисов докладов IV Международной научно-практической конференции; г. Томск, 7-8 июня 2007 г.
|f Томский политехнический университет (ТПУ); Сибирский химический комбинат
|v С. 98
|d 2007
|p 174 с.
|
| 610 |
1 |
|
|a диоксид урана
|
| 610 |
1 |
|
|a растворы
|
| 610 |
1 |
|
|a кинетика
|
| 610 |
1 |
|
|a фторирование
|
| 610 |
1 |
|
|a жидкофазное фторирование
|
| 610 |
1 |
|
|a труды учёных ТПУ
|
| 610 |
1 |
|
|a реакторы
|
| 610 |
1 |
|
|a топливо
|
| 700 |
|
1 |
|a Жерин
|b И. И.
|c российский химик
|c профессор Томского политехнического университета, доктор химических наук
|f 1955-
|g Иван Игнатьевич
|3 (RuTPU)RU\TPU\pers\25854
|9 11723
|
| 701 |
|
1 |
|a Савицкий
|b А. И.
|
| 701 |
|
1 |
|a Усов
|b В. Ф.
|
| 801 |
|
1 |
|a RU
|b 63413507
|c 20080211
|g PSBO
|
| 801 |
|
2 |
|a RU
|b 63413507
|c 20120616
|g RCR
|
| 942 |
|
|
|c BK
|